000 00620aab a2200193 4500
001 768714001
003 CO-MdFUSB
005 20240628100255.0
008 170531s2002 cr ||||| |||| 00| 0 spa d
022 _a1409-1968
040 _aCO-MdFUSB
_bspa
_cCO-MdFUSB
_dCO-MdFUSB
041 _aspa
100 1 _aShaw, Chris
_eautor
245 1 0 _aPastores y maestros :
_b¿el rostro visible de Dios?
_c/ Chris Shaw
300 _aVolumen 19. Número 3 (2002), páginas 74-78
_c: 27 cm.
773 0 _tApuntes Pastorales
_049442
_960157
_gVolumen 19. Número 3 (2002), páginas 74-78
_qPágina 74
942 _cANA
945 _aJTF-925
999 _c60432
_d60432